<?xml version="1.0" encoding="UTF-8"?>
<record
    xmlns:xsi="http://www.w3.org/2001/XMLSchema-instance"
    xsi:schemaLocation="http://www.loc.gov/MARC21/slim http://www.loc.gov/standards/marcxml/schema/MARC21slim.xsd"
    xmlns="http://www.loc.gov/MARC21/slim">

  <leader>01048nam a2200133Ia 4500</leader>
  <controlfield tag="008">171212s9999    xx            000 0 und d</controlfield>
  <datafield tag="020" ind1=" " ind2=" ">
    <subfield code="a">9780833041494</subfield>
  </datafield>
  <datafield tag="100" ind1=" " ind2=" ">
    <subfield code="a">Hamilton, Laura S.;Stecher, Brian M.;Marsh, Julie A.;McCombs, Jennifer Sloan;Robyn, Abby;Laura S. Hamilton, ;Brian M. Stecher, ;Julie A. Marsh, ;Jennifer Sloan McCombs, ;Abby Robyn, </subfield>
  </datafield>
  <datafield tag="245" ind1=" " ind2=" ">
    <subfield code="c">Hamilton, Laura S.;Stecher, Brian M.;Marsh, Julie A.;McCombs, Jennifer Sloan;Robyn, Abby;Laura S. Hamilton, ;Brian M. Stecher, ;Julie A. Marsh, ;Jennifer Sloan McCombs, ;Abby Robyn, </subfield>
    <subfield code="a">Standards-Based Accountability Under No Child Left Behind</subfield>
    <subfield code="b">Experiences of Teachers and Administrators in Three States</subfield>
  </datafield>
  <datafield tag="260" ind1=" " ind2=" ">
    <subfield code="b">RAND Corporation</subfield>
    <subfield code="c">2007</subfield>
  </datafield>
  <datafield tag="650" ind1=" " ind2=" ">
    <subfield code="a">Education</subfield>
  </datafield>
  <datafield tag="650" ind1=" " ind2=" ">
    <subfield code="a">Educational accountability -- California; Educational accountability -- Georgia; Educational accountability -- Pennsylvania; Education -- Standards -- California; Education -- Standards -- Georgia; Education -- Standards -- Pennsylvania; United States. No</subfield>
  </datafield>
  <datafield tag="856" ind1=" " ind2=" ">
    <subfield code="u">www.jstor.org/stable/10.7249/mg589nsf</subfield>
  </datafield>
  <datafield tag="999" ind1=" " ind2=" ">
    <subfield code="c">352559</subfield>
    <subfield code="d">352559</subfield>
  </datafield>
  <datafield tag="952" ind1=" " ind2=" ">
    <subfield code="0">0</subfield>
    <subfield code="1">0</subfield>
    <subfield code="4">0</subfield>
    <subfield code="a">CL</subfield>
    <subfield code="b">CL</subfield>
    <subfield code="d">2017-12-12</subfield>
    <subfield code="l">0</subfield>
    <subfield code="o">LB2806.22.S73 2007</subfield>
    <subfield code="r">2017-12-12 00:00:00</subfield>
    <subfield code="w">2017-12-12</subfield>
    <subfield code="y">CBE</subfield>
  </datafield>
</record>
